| 000 | 00495nam a2200193Ia 4500 | ||
|---|---|---|---|
| 001 | 72785 | ||
| 008 | 160428s9999 xx 000 0 und d | ||
| 020 | _a978810350069 | ||
| 040 | _cPK-LaUMT | ||
| 082 |
_a 004.67 _bGOP-W |
||
| 100 | _aGopalan, N. P. | ||
| 245 |
_aWeb technology / _ba developer's perspective _cGopalan, N. P.|Akilandeswari, J. |
||
| 250 | _a2nd | ||
| 260 |
_aDelhi: _bPHI Learning, _c2014 |
||
| 300 | _a334 p. | ||
| 546 | _aEN | ||
| 700 | _aAkilandeswari, J. | ||
| 942 | _cBK | ||
| 999 |
_c85740 _d85740 |
||